Quiz wiedzy ogólnej o skokach narciarskich #6 - Statystyki

Ogólne statystyki
  • Ten quiz został rozwiązany 26 razy
  • Średni wynik to 9 z 15
Statystyki odpowiedzi
Zagadnienie Odpowiedź % Poprawnych
Turniej rozgrywany co roku w Oberstdorfie, Garmisch-Partenkirchen, Innsbrucku i Bischofshofen Turniej Czterech Skoczni
100%
Kto zdobył najwięcej złotych medali mistrzostw świata?(indywidualnie) {Adam Małysz}(4 razy)
86%
Kto wygrał konkurs drużyn mieszanych na skoczni normalnej na igrzyskach olimpijskich w Pjongczangu w 2022? Niemcy
86%
Rezprezentacja, która zdobyła najwięcej medali mistrzostw świata {Austria}(20 razy)
82%
Reprezentacja, która zdobyła najwięcej złotych medali mistrzostw świata {Austria}(9 razy)
82%
Gdzie rozpoczął się seson 2024/2025 w skokach narciarskich? Lillehammer
68%
Kto zdobył najwięcej medali mistrzostw świata?(indywidualnie) {Adam Małysz}(6 razy)
64%
Kto zdobył najwięcej medali mistrzostw świata?(indywidualnie i drużynowo) {Stefan Kraft}(13 razy)
64%
W jakiej miejscowości znajduje się 1 z 2 skoczni narciarskich w Polsce o punkcie K na 95 metrze? Zakopane | Szczyrk
64%
Jaka skocznia znajduje się w Szczyrku? Skalite
59%
Kto jest rekordzistą Kazachstanu w skoku narciarskim? {Sergey Tkachenko}(199,5m)
55%
Kto zdobył najwięcej złotych medali mistrzostw świata?(indywidualnie i drużynowo) {Thomas Morgenstern}(8 razy)
50%
Jedyna miejscowość w woj. łódzkim, gdzie znajduje się skocznia narciarska Łódź
36%
Kto jest rekordzistą Holandii w skoku narciarskim? {Boy van Baarle}(197,0m)
5%
Jedyna miejscowość w woj. wielkopolskim, w której znajdowała się skocznia narciarska Czarnków
5%
Nie znaleziono quizów pasujących do podanych kryteriów
Rozkład punktacji
Procent ludzi z każdym wynikiem
Percentyl według liczby udzielonych odpowiedzi
Twoja historia wyników
Nie rozwiązałeś tego quizu